000 00463nam a22001817a 4500
003 CEME
005 20210628210038.0
008 210210b xxu||||| |||| 00| 0 eng d
020 _a81-7319-075-5
040 _c.
082 _a516.3 CHA
100 _aChatterjee, Dipak
_961152
245 _aAnalytical geometry of two dimension
260 _aNEW DELHI
_bNAROSA PUBLISHING
_c1999
300 _a188P
650 _aGEOMETRY,ANALYTICAL
_977972
942 _cBK
_2ddc
999 _c583138
_d583138